000 00369nam a22001457a 4500
020 _a9780070634350
040 _cNust
082 _a629.2872
_bCRO
100 _aWilliam H. Crouse
_9124060
245 _aAutomotive Mechanics
250 _a10th Edition
260 _aNew Delhi:
_bMcGraw Hall India,
_c2016.
650 _aAutomotive Mechanics
_978291
942 _2ddc
_cBK
999 _c615160
_d615160